ရှေးသမားတော်များဆေးကျမ်းပေါင်းချုပ် / (Record no. 45680)

000 -LEADER
fixed length control field 01781nam a22002417a 4500
005 - DATE AND TIME OF LATEST TRANSACTION
control field 20250925085822.0
008 - FIXED-LENGTH DATA ELEMENTS--GENERAL INFORMATION
fixed length control field 250925b ||||| |||| 00| 0 eng d
040 ## - CATALOGING SOURCE
Transcribing agency SSBUL
041 ## - LANGUAGE CODE
Language code of text/sound track or separate title Myanmar
082 ## - DEWEY DECIMAL CLASSIFICATION NUMBER
Edition number 23
Classification number ၆၁၅.၈ နာ
Item number ၁၉၈၄၅(ရည်) S-MTM
100 0# - MAIN ENTRY--PERSONAL NAME
Personal name နာဂသိန်မဟာထေရ်၊ အရှင်။
245 10 - TITLE STATEMENT
Title ရှေးသမားတော်များဆေးကျမ်းပေါင်းချုပ် /
Statement of responsibility, etc. အရှင်နာဂသိန်မဟာထေရ်။
246 ## - VARYING FORM OF TITLE
Title proper/short title ပဥ္စဘုတ်ကုထုံးကျမ်း / အရှင်နာဂသိန် မဟာထေရ်။
Title proper/short title မြန်မာ့အာယုဗ္ဗေဒဆေးသိပ္ပံ / အရှင်နာဂသိန် မဟာထေရ်။
260 ## - PUBLICATION, DISTRIBUTION, ETC.
Place of publication, distribution, etc. ရန်ကုန် ၊
Name of publisher, distributor, etc. မင်္ဂလာစာပုံနှိပ်တိုက်၊
Date of publication, distribution, etc. ၁၉၆၀။
300 ## - PHYSICAL DESCRIPTION
Extent ခူ၊ ၂၆၆။ ဇ၊ ၃၉၂ စာမျက်နှာ ၊
Dimensions ၂၇ စင်တီ။
500 ## - GENERAL NOTE
General note S-MTM: Myanmar Traditional Medicine
General note ၂-အုပ် ပေါင်းချုပ်ထားသည်။ <br/>၁။ ပဥ္စဘုတ်ကုထုံးကျမ်း / အရှင်နာဂသိန် မဟာထေရ်။ (ခူ၊ ၂၆၆ စာ)<br/>၂။ မြန်မာ့အာယုဗ္ဗေဒဆေးသိပ္ပံ / အရှင်နာဂသိန် မဟာထေရ်။ (ဇ၊ ၃၉၂ စာ)
650 ## - SUBJECT ADDED ENTRY--TOPICAL TERM
Topical term or geographic name entry element ကုထုံးပညာနှင့်ဆေးဝါးဗေဒ။
9 (RLIN) 32540
Topical term or geographic name entry element ရောဂါများ။
9 (RLIN) 20699
Topical term or geographic name entry element တိုင်းရင်းဆေးပညာ။
942 ## - ADDED ENTRY ELEMENTS (KOHA)
Source of classification or shelving scheme
Koha item type Reference
Holdings
Withdrawn status Lost status Source of classification or shelving scheme Damaged status Not for loan Collection code Permanent Location Current Location Shelving location Date acquired Total Checkouts Full call number Barcode Date last seen Price effective from Koha item type Accession
        Not For Loan Special Collections Shan State Buddhist University Library Shan State Buddhist University Library Special Collection Shelves 25/09/2025   ၆၁၅.၈ နာ ၁၉၈၄၅(ရည်) S-MTM MB00019845 25/09/2025 25/09/2025 Reference ၁၉၈၄၅(ရည်) S-MTM

Library - 09407999929
Admin Office - 09407999979
Dean Office - 09250910768
Registrar Office - 09892297154
Email - [email protected]
Shan State Buddhist University, Phaya Phyu Taunggyi, Shan State, Myanmar.